000 00872nam a2200265 a 4500
001 BRL_1252
005 20190320211119.0
008 051213s1962----mx-a######---#000-0#spa-#
041 _aspa
044 _amx
050 4 _aF1219.3.R38
_b.C38 1962
100 1 _aCaso, Alfonso
_d1896-1970
_918336
245 1 0 _aEl pueblo de Sol
_cAlfonso Caso ; figuras de Miguel Covarrubias.
250 _a2
260 _aMéxico
_bFondo de Cultura Económica
_c1962
300 _a1 v. (sin paginación)
_bil. a color, 16 láminas
_c28 cm.
500 _aAu1450
500 _aVer también número de sistema 1790 perteneciente al Fondo Ruth Lechuga
504 _aBibliografía : [p. 126-128]
650 1 4 _aAztecas
_92396
650 1 4 _aIndígenas de México
_xReligión y Mitología
_923675
700 1 _aCovarrubias, Miguel
_d1904-1957
_eil.
_918339
902 _aGRL
942 _2lcc
_cB
999 _c10064
_d10064